[Event "Sudak"]
[Site "Sudak"]
[Date "2002.08.03"]
[Round "2"]
[White "Malinin, Vasily B"]
[Black "Palekha, Alexey"]
[Result "1-0"]
[WhiteElo "2434"]
[BlackElo "2365"]
[PlyCount "75"]
[EventDate "2002.08.02"]
[Source "ChessBase"]
[SourceDate "2002.09.11"]

1. e4 e5 2. f4 exf4 3. Nf3 Ne7 4. d4 d5 5. e5 Ng6 6. h4 Bg4 7. h5 Nh4 8. Bxf4 Bxh5 9. c3 c6 10. Nbd2 Nxf3+ 11. Nxf3 Bg6 12. Bd3 Be7 13. e6 Bf6 14. Ne5 Bxe5 15. Bxe5 Qe7 16. Bxg6 fxg6 17. Qg4 O-O 18. O-O-O Rf5 19. Rde1 Na6 20. Re3 Raf8 21. Rhe1 Nc7 22. Qh3 Rh5 23. Qg4 Ne8 24. Qd1 Nf6 25. Bxf6 Rxf6 26. Qa4 a6 27. Qc2 Rh6 28. Qe2 Rh2 29. Rf3 Rxf3 30. Qxf3 Rh5 31. g4 Rg5 32. Qe2 h5 33. gxh5 Rxh5 34. Qg4 Rg5 35. Qh4 a5 36. Kb1 a4 37. a3 b6 38. Ka2 1-0

[Event "Genoa op"]
[Site "Genoa"]
[Date "1998.??.??"]
[Round "10"]
[White "Di Paolo, Raffaele"]
[Black "Godena, Michele"]
[Result "1/2-1/2"]
[WhiteElo "2280"]
[BlackElo "2500"]
[PlyCount "67"]
[EventDate "1998.??.??"]
[Source "www.chesslib.no"]
[SourceDate "2004.05.04"]

1. e4 e5 2. f4 exf4 3. Nf3 Ne7 4. Bc4 d5 5. exd5 Nxd5 6. Bxd5 Qxd5 7. Nc3 Qd8 8. d4 Be7 9. Bxf4 O-O 10. O-O Bf5 11. Qd2 Nd7 12. Rae1 Nb6 13. Kh1 Bb4 14. Bg3 Nc4 15. Qc1 Bg6 16. a3 Bxc3 17. bxc3 Qd7 18. Ne5 Nxe5 19. Rxe5 f6 20. Re3 Rfe8 21. Rfe1 c6 22. Qb1 h6 23. h3 Rxe3 24. Rxe3 Re8 25. Qb3+ Kh7 26. Rxe8 Bxe8 27. Bf2 Bg6 28. c4 Qf5 29. Kg1 Qxc2 30. Qxb7 Be4 31. Qb4 Qc1+ 32. Qe1 Qxe1+ 33. Bxe1 Bd3 34. d5 1/2-1/2

[Event "Valle d'Aosta op 8th"]
[Site "Saint Vincent"]
[Date "2000.02.17"]
[Round "6"]
[White "De la Villa Garcia, Jesus Maria"]
[Black "Hernandez Estevez, Yudania"]
[Result "1/2-1/2"]
[WhiteElo "2460"]
[BlackElo "2310"]
[PlyCount "131"]
[EventDate "2000.02.12"]
[Source "ChessBase"]
[SourceDate "2000.03.10"]

1. e4 e5 2. f4 exf4 3. Nf3 Ne7 4. Bc4 d5 5. exd5 Nxd5 6. Bxd5 Qxd5 7. Nc3 Qd8 8. d4 Bd6 9. Qe2+ Qe7 10. Qxe7+ Bxe7 11. Nd5 Bd8 12. O-O O-O 13. Bxf4 Na6 14. Rae1 Be6 15. Ne3 c6 16. c4 Bb6 17. b3 Rad8 18. Rd1 Rfe8 19. Kf2 f6 20. h4 Re7 21. Rfe1 Red7 22. g3 Kf7 23. c5 Ba5 24. Rf1 h5 25. Bd6 Bc7 26. Bxc7 Nxc7 27. Nc4 Bxc4 28. bxc4 Ne6 29. Rb1 Kg6 30. Rfe1 Nxd4 31. Nxd4 Rxd4 32. Rxb7 Rxc4 33. Rxa7 Rxc5 34. Rc7 Rf5+ 35. Kg1 Rf3 36. Kh2 Rd2+ 37. Kh3 Rc3 38. a4 Ra2 39. Ra7 Rcc2 40. Rh1 Kh6 41. Ra8 Kg6 42. a5 f5 43. a6 c5 44. Ra7 f4 45. Ra8 Rc3 46. Rg1 Raa3 47. a7 Rxg3+ 48. Rxg3+ Rxg3+ 49. Kh2 Ra3 50. Kg2 c4 51. Kf2 c3 52. Rc8 Rxa7 53. Kf3 Ra1 54. Rxc3 Rh1 55. Rc6+ Kh7 56. Kxf4 Rxh4+ 57. Kg3 Rh1 58. Rc4 h4+ 59. Kg4 h3 60. Kg3 Kg6 61. Rc5 Kh6 62. Rc8 Kh5 63. Ra8 Rb1 64. Kxh3 Rb3+ 65. Kg2 g5 66. Ra5 1/2-1/2

[Event "XVIII Open"]
[Site "Pula"]
[Date "2004.06.23"]
[Round "5"]
[White "Zelic, Mladen"]
[Black "Solomunovic, Igor"]
[Result "0-1"]
[WhiteElo "2316"]
[BlackElo "2446"]
[PlyCount "62"]
[EventDate "2004.06.19"]
[Source "Roberto Alvarez"]
[SourceDate "2004.06.28"]

1. e4 e5 2. f4 exf4 3. Nf3 Ne7 4. d4 d5 5. Nc3 dxe4 6. Nxe4 Nd5 7. Bd3 Be7 8. O-O O-O 9. Qe2 Nc6 10. Bd2 Bg4 11. c3 Re8 12. Qf2 f5 13. Nc5 Bxc5 14. dxc5 Bxf3 15. gxf3 Ne3 16. Bxe3 Rxe3 17. Bc4+ Kh8 18. Rad1 Qe7 19. Rd5 Ne5 20. Be2 c6 21. Rd4 Re8 22. Kh1 Ng6 23. Bc4 Nh4 24. Rxf4 g5 25. Rd4 Nxf3 26. Rd3 Qxc5 27. Rxe3 Rxe3 28. Be2 Nh4 29. Rd1 Qe5 30. Bh5 Kg7 31. Qd2 Kh6 0-1

[Event "It (open)"]
[Site "Ceska Trebova (Czech Republic"]
[Date "2007.08.12"]
[Round "4"]
[White "Vrana Jan (CZE)"]
[Black "Manik Mikulas (SVK)"]
[Result "1/2-1/2"]
[WhiteElo "2271"]
[BlackElo "2457"]
[PlyCount "22"]
[EventDate "2007.??.??"]
[Source "www.chesslib.no"]
[SourceDate "2004.05.04"]

1. e4 e5 2. f4 exf4 3. Nf3 Ne7 4. d4 d5 5. e5 Ng6 6. h4 h5 7. Bd3 Rh6 8. Bxg6 Rxg6 9. Ng5 Bg4 10. Qd3 Nc6 11. Bxf4 Nb4 1/2-1/2

[Event "EU-ch U20"]
[Site "Sas van Gent"]
[Date "1992.??.??"]
[Round "10"]
[White "Forster, Richard"]
[Black "Aleksandrov, Aleksej"]
[Result "0-1"]
[WhiteElo "2220"]
[BlackElo "2505"]
[PlyCount "78"]
[EventDate "1992.08.??"]
[Source "ChessBase"]

1. e4 e5 2. f4 exf4 3. Nf3 Ne7 4. Bc4 d5 5. exd5 Nxd5 6. O-O Be6 7. Bb3 Bd6 8. c4 Ne7 9. d4 c5 10. Nc3 cxd4 11. Ne4 O-O 12. Nxd6 Qxd6 13. Qxd4 Qxd4+ 14. Nxd4 g5 15. h4 h6 16. Re1 Nbc6 17. Nxe6 fxe6 18. Rxe6 Nf5 19. hxg5 Ncd4 20. Rf6 hxg5 21. Rxf8+ Rxf8 22. Bd2 Rd8 23. Bb4 b6 24. Re1 Kf7 25. Bc3 Ne3 26. Bxd4 Rxd4 27. c5+ Ke7 28. cxb6 axb6 29. Re2 Kf6 30. g3 Rd3 31. gxf4 gxf4 32. Bc2 Rd4 33. Bb3 Kg5 34. Rh2 f3 35. Rh8 Kf4 36. Kh2 Rd2+ 37. Kh3 f2 38. Rf8+ Ke5 39. Re8+ Kf6 0-1

[Event "Enghien les Bains"]
[Site "Enghien les Bains FRA"]
[Date "1995.??.??"]
[Round "2"]
[White "Carbonnel, Pierre"]
[Black "Rausis, Igors"]
[Result "0-1"]
[WhiteElo "2230"]
[BlackElo "2495"]
[PlyCount "116"]
[EventDate "1995.??.??"]
[Source "www.chesslib.no"]
[SourceDate "2004.05.04"]

1. e4 e5 2. f4 exf4 3. Nf3 Ne7 4. Nc3 d5 5. d4 dxe4 6. Nxe4 Ng6 7. h4 Bf5 8. Bd3 Be7 9. h5 Nh4 10. Nxh4 Bxh4+ 11. Kf1 O-O 12. c3 Re8 13. Qf3 Qd5 14. Rxh4 Bxe4 15. Bxe4 Rxe4 16. Rxf4 Qb5+ 17. Kf2 Rxf4 18. Bxf4 Qxb2+ 19. Qe2 Qxe2+ 20. Kxe2 Nd7 21. Kd3 Rc8 22. Rb1 b6 23. h6 Nf8 24. hxg7 Kxg7 25. d5 c6 26. c4 Rd8 27. Ke4 cxd5+ 28. cxd5 f5+ 29. Kxf5 Rxd5+ 30. Ke4 Ra5 31. Be5+ Kg6 32. Rb2 Nd7 33. Bd4 Nc5+ 34. Bxc5 Rxc5 35. Rd2 Ra5 36. Kf4 h5 37. Rd6+ Kf7 38. Rd7+ Ke6 39. Rd2 Kf6 40. Rd6+ Ke7 41. Rd2 Ke6 42. Ke4 Ra4+ 43. Kf3 h4 44. Kf2 Ra3 45. Ke2 Ke5 46. Kf2 b5 47. Kg1 b4 48. Kh2 a5 49. Re2+ Kd5 50. Rd2+ Kc5 51. Rf2 Kb5 52. Kg1 Rc3 53. Rb2 Ka4 54. Kf1 Ka3 55. Rd2 Rc1+ 56. Ke2 Ra1 57. Rd3+ Kxa2 58. Rd5 Kb3 0-1

[Event "Tampere ELO Taraus"]
[Site "Tampere"]
[Date "1998.??.??"]
[Round "5"]
[White "Salmensuu, Olli"]
[Black "Martinkus, Rolandas"]
[Result "1/2-1/2"]
[WhiteElo "2375"]
[BlackElo "2350"]
[PlyCount "38"]
[EventDate "1998.??.??"]
[Source "www.chesslib.no"]
[SourceDate "2004.05.04"]

1. e4 e5 2. f4 exf4 3. Nf3 Ne7 4. d4 d5 5. Nc3 dxe4 6. Nxe4 Ng6 7. h4 Be7 8. h5 Nh4 9. Bxf4 Bg4 10. Qd3 Bxf3 11. gxf3 Qxd4 12. Bxc7 Qxb2 13. Nd6+ Bxd6 14. Qxd6 Qc3+ 15. Kf2 Qxf3+ 16. Kg1 Qg4+ 17. Kf2 Qf3+ 18. Ke1 Qc3+ 19. Kf2 Qf3+ 1/2-1/2

[Event "Dortmund op-A"]
[Site "Dortmund GER"]
[Date "1993.??.??"]
[Round "3"]
[White "Metz, Hartmut"]
[Black "Podgaets, Mikhail"]
[Result "1/2-1/2"]
[WhiteElo "2270"]
[BlackElo "2450"]
[PlyCount "28"]
[EventDate "1993.04.??"]
[Source "www.chesslib.no"]
[SourceDate "2004.05.04"]

1. e4 e5 2. f4 exf4 3. Nf3 Ne7 4. d4 d5 5. e5 Ng6 6. Bd3 Be7 7. O-O O-O 8. Nc3 c5 9. Ne2 Nc6 10. c3 cxd4 11. cxd4 Bg4 12. h3 Bxf3 13. Rxf3 Rc8 14. Kh1 Bg5 1/2-1/2

[Event "Bratto op 20th"]
[Site "Bratto"]
[Date "2000.??.??"]
[Round "2"]
[White "Menoni, Vincenzo"]
[Black "Skembris, Spyridon"]
[Result "0-1"]
[WhiteElo "2240"]
[BlackElo "2475"]
[PlyCount "70"]
[EventDate "2000.08.25"]
[Source "www.chesslib.no"]
[SourceDate "2004.05.04"]

1. e4 e5 2. f4 exf4 3. Nf3 Ne7 4. Bc4 d5 5. exd5 Nxd5 6. Bxd5 Qxd5 7. Nc3 Qd8 8. d4 Bd6 9. Qe2+ Kf8 10. Nd5 Nc6 11. Bxf4 Be6 12. Bg5 Qe8 13. Nc3 Bc4 14. Qxe8+ Rxe8+ 15. Kd2 f6 16. Be3 Nb4 17. Rae1 Kf7 18. b3 Bd5 19. a3 Bxf3 20. gxf3 Nc6 21. Nb5 Rd8 22. Nxd6+ Rxd6 23. c3 Rd7 24. Kc2 Ne7 25. c4 c6 26. Bf2 Nf5 27. Kc3 h5 28. Re4 b5 29. c5 a5 30. Rhe1 Rhd8 31. Rd1 Rd5 32. Rde1 R8d7 33. R1e2 Ne7 34. R4e3 Rf5 35. Kb2 Nd5 0-1

[Event "WYb18"]
[Site "Kemer TUR"]
[Date "2007.11.18"]
[Round "1"]
[White "Schwarhofer, C."]
[Black "Howell, D."]
[Result "0-1"]
[WhiteElo "2186"]
[BlackElo "2527"]
[PlyCount "80"]
[EventDate "2007.11.18"]
[Source "www.chesslib.no"]
[SourceDate "2004.05.04"]

1. e4 e5 2. f4 exf4 3. Nf3 Ne7 4. Bc4 c6 5. d4 d5 6. exd5 Nxd5 7. O-O Be7 8. Ne5 Be6 9. Nc3 Nd7 10. Nxd5 Nxe5 11. dxe5 cxd5 12. Bb5+ Kf8 13. Bd3 g5 14. Qh5 Kg7 15. g3 Qc8 16. Qf3 Qc5+ 17. Kg2 fxg3 18. Qxg3 h6 19. Be3 d4 20. Bf2 h5 21. h4 Rag8 22. hxg5 h4 23. Qf4 Bxg5 24. Qxd4 Qc7 25. Kh2 Rd8 26. Qe4 f5 27. Qe2 Bf4+ 28. Kh3 Bg3 29. Kg2 f4 30. Kg1 Rdg8 31. Qe4 Kf8 32. Be3 Rg5 33. Kh1 Kg7 34. Bxf4 Rg4 35. Qe3 Bd5+ 36. Be4 Qxc2 37. Bh6+ Rxh6 38. Rf7+ Kxf7 39. Bxd5+ Kg7 40. Bg2 h3 0-1

[Event "otb"]
[Site "otb"]
[Date "2007.03.10"]
[Round "8"]
[White "Norri J"]
[Black "Nouro M"]
[Result "1-0"]
[WhiteElo "2351"]
[BlackElo "2355"]
[PlyCount "81"]
[Source "www.chesslib.no"]
[SourceDate "2004.05.04"]

1. e4 e5 2. f4 exf4 3. Nf3 Ne7 4. d4 d5 5. Nc3 dxe4 6. Nxe4 Nd5 7. Bd3 Nc6 8. O-O Bg4 9. c3 Be7 10. Qb3 Rb8 11. Bd2 O-O 12. Rae1 b5 13. Qc2 Bh5 14. Qc1 Bg6 15. Bxf4 Nxf4 16. Qxf4 Bd6 17. Qd2 Re8 18. Nxd6 Rxe1 19. Rxe1 cxd6 20. Bxg6 hxg6 21. Ng5 Ne7 22. Qf4 Nf5 23. g4 Nh6 24. h3 Qd7 25. Qe4 Kf8 26. Qd5 Kg8 27. Kf2 a6 28. a3 Rd8 29. Re3 Rf8 30. Kg2 Kh8 31. Rf3 Qe7 32. Ne4 Rd8 33. Rf4 f5 34. Ng3 Re8 35. gxf5 gxf5 36. Rf2 Qg5 37. Qxd6 Qc1 38. Qg6 Re1 39. Kh2 f4 40. Ne2 Qxb2 41. Rg2 1-0

[Event "Belfort FRA, World Ch U18 (b)"]
[Site "?"]
[Date "2005.07.22"]
[Round "3.17"]
[White "Fier Alexander Hilario T"]
[Black "Bitelmajer Martin"]
[Result "0-1"]
[WhiteElo "2462"]
[BlackElo "2243"]
[PlyCount "148"]
[EventDate "2005.??.??"]
[Source "www.chesslib.no"]
[SourceDate "2004.05.04"]

1. e4 e5 2. f4 exf4 3. Nf3 Ne7 4. d4 Ng6 5. Bc4 c6 6. Nc3 Be7 7. O-O d6 8. Ne2 d5 9. exd5 cxd5 10. Bb5+ Nc6 11. Nxf4 Nxf4 12. Bxf4 O-O 13. c3 Bf5 14. Bd3 Bxd3 15. Qxd3 Bf6 16. Qf5 g6 17. Qh3 Qc8 18. Qg3 Ne7 19. Be5 Nf5 20. Qf4 Bxe5 21. Nxe5 f6 22. Ng4 Qb8 23. Qf3 Qd6 24. Rae1 Rae8 25. Rxe8 Rxe8 26. Qxd5+ Qxd5 27. Nxf6+ Kg7 28. Nxd5 Re2 29. g3 Rxb2 30. Rf2 Rb5 31. Nf4 Ne3 32. Ne6+ Kh6 33. Rf4 g5 34. Rf3 Rb1+ 35. Kf2 Ng4+ 36. Ke2 Kg6 37. h3 Nf6 38. Kd3 b5 39. c4 bxc4+ 40. Kxc4 Ne4 41. Ra3 Rc1+ 42. Kd3 Re1 43. Ra6 Nxg3 44. Nc5+ Kf5 45. Rxa7 h5 46. Ra5 g4 47. h4 Kf4 48. Kc4 Rc1+ 49. Kd5 Kf3 50. Nd3 Rc3 51. Ne5+ Ke3 52. Ra8 Ne2 53. Nc4+ Kd3 54. Ne5+ Ke3 55. Nc4+ Kd3 56. Nb2+ Kd2 57. Rg8 g3 58. Na4 Rd3 59. Ke5 Rxd4 60. Rxg3 Rxa4 61. Rg5 Rxa2 62. Kf6 Ra6+ 63. Kf5 Ke3 64. Rg8 Ra5+ 65. Kg6 Nf4+ 66. Kh6 Kf3 67. Rg7 Ra6+ 68. Kh7 Ra2 69. Kh6 Rh2 70. Re7 Rxh4 71. Kg5 Rg4+ 72. Kf5 Ng2 73. Rh7 Ne3+ 74. Ke5 h4 0-1

[Event "5th Open Voronezh RUS"]
[Site "?"]
[Date "2001.??.??"]
[Round "8"]
[White "Vinokurov, A."]
[Black "Tolstikh, N."]
[Result "1-0"]
[WhiteElo "2285"]
[BlackElo "2415"]
[PlyCount "45"]
[EventDate "2001.??.??"]
[Source "www.chesslib.no"]
[SourceDate "2004.05.04"]

1. e4 e5 2. f4 exf4 3. Nf3 Ne7 4. d4 Ng6 5. h4 Be7 6. h5 Nh4 7. Bxf4 d5 8. Nxh4 Bxh4+ 9. g3 Bg5 10. Qd2 Bxf4 11. Qxf4 dxe4 12. h6 Qxd4 13. Nc3 Nc6 14. Rd1 Qf6 15. hxg7 Qxg7 16. Nd5 Kf8 17. Nxc7 Rb8 18. Qd6+ Kg8 19. Ne8 Qg5 20. Nf6+ Kg7 21. Nh5+ Kg8 22. Rd5 Qe3+ 23. Be2 1-0

[Event "Camp. asiatico 2007"]
[Site "CICC"]
[Date "2007.09.24"]
[Round "6.34"]
[White "Senador, Emmanuel"]
[Black "Makinano, Anthony"]
[Result "1-0"]
[WhiteElo "2380"]
[BlackElo "2317"]
[PlyCount "86"]
[EventDate "2007.09.19"]
[Source "www.chesslib.no"]
[SourceDate "2004.05.04"]

1. e4 e5 2. f4 exf4 3. Nf3 Ne7 4. d4 d5 5. e5 Ng6 6. Bd3 Be7 7. O-O O-O 8. Kh1 Nc6 9. Nc3 Nb4 10. Ne2 Nxd3 11. Qxd3 f6 12. Bxf4 Nxf4 13. Nxf4 fxe5 14. Nxe5 Bf5 15. Qb3 Be4 16. Rae1 Kh8 17. Ne6 Rxf1+ 18. Rxf1 Qc8 19. Qh3 Bf6 20. Nf7+ Kg8 21. Nh6+ Kh8 22. Nf7+ Kg8 23. Nh6+ Kh8 24. Qg4 Bg6 25. h4 Qd7 26. Rxf6 gxf6 27. h5 Be4 28. Nc5 Qxg4 29. Nxg4 f5 30. Ne5 Kg7 31. c3 Re8 32. Kh2 Kh6 33. Ncd7 Re6 34. Nc5 Rb6 35. b4 Kxh5 36. a4 Kg5 37. Kg3 f4+ 38. Kf2 Kf5 39. a5 Rh6 40. Nxb7 Rh2 41. Nc5 Rxg2+ 42. Kf1 Rc2 43. Nc6 h5 1-0

[Event "Lloyds Bank Open"]
[Site "London ENG"]
[Date "1990.??.??"]
[Round "?"]
[White "Anderson, John"]
[Black "Barua, Dibyendu"]
[Result "0-1"]
[WhiteElo "2205"]
[BlackElo "2490"]
[PlyCount "56"]
[EventDate "1990.08.??"]
[Source "www.chesslib.no"]
[SourceDate "2004.05.04"]

1. e4 e5 2. f4 exf4 3. Nf3 Ne7 4. d4 Ng6 5. Bc4 Bb4+ 6. Nc3 O-O 7. O-O Bxc3 8. bxc3 d6 9. Qd3 Nd7 10. h4 Nxh4 11. Bxf4 Nb6 12. Bb3 Be6 13. c4 a5 14. a4 Ng6 15. Bg5 Qd7 16. Nh4 Nxh4 17. Bxh4 Kh8 18. Rf6 Bg4 19. Qg3 Bh5 20. Raf1 Bg6 21. R1f4 Rae8 22. c3 Re6 23. e5 dxe5 24. dxe5 Rfe8 25. Rd4 Qc6 26. c5 Rxf6 27. exf6 Qxc5 28. Qe3 Rxe3 0-1

[Event "Naumburg/Saale(20.10.-03.11.)"]
[Site "?"]
[Date "2002.11.02"]
[Round "11"]
[White "Chehlov Alexander"]
[Black "Hecht Hans_Joachim"]
[Result "0-1"]
[WhiteElo "2274"]
[BlackElo "2390"]
[PlyCount "80"]
[EventDate "2002.??.??"]
[Source "www.chesslib.no"]
[SourceDate "2004.05.04"]

1. e4 e5 2. f4 exf4 3. Nf3 Ne7 4. d4 d5 5. Qe2 Ng6 6. h4 h5 7. Nc3 c6 8. exd5+ Be7 9. Bd2 cxd5 10. Qb5+ Nc6 11. Qxd5 Bg4 12. O-O-O O-O 13. Bc4 Bf6 14. Ne4 Bxd4 15. Neg5 Qxd5 16. Bxd5 Bf6 17. Rde1 Rad8 18. Be4 Rd7 19. Bxg6 fxg6 20. Ne6 Bxe6 21. Rxe6 Nd4 22. Nxd4 Bxd4 23. c3 Be3 24. Bxe3 fxe3 25. Rxe3 Rf2 26. Re8+ Kh7 27. Re4 Rxg2 28. Rf1 b6 29. a4 Rdd2 30. Rb4 Rdf2 31. Re1 Rg4 32. Rxg4 hxg4 33. Rg1 Rf4 34. b3 Kh6 35. Kd2 Kh5 36. a5 Kxh4 37. axb6 axb6 38. c4 g3 39. Rc1 g2 40. Ke2 Kg3 0-1

[Event "Festival Catalunya Grupo A"]
[Site "?"]
[Date "2004.09.07"]
[Round "2"]
[White "Asis Gargatagli Hipolit"]
[Black "Granados Gomez Manuel"]
[Result "1-0"]
[WhiteElo "2236"]
[BlackElo "2426"]
[PlyCount "113"]
[EventDate "2004.??.??"]
[Source "www.chesslib.no"]
[SourceDate "2004.05.04"]

1. e4 e5 2. f4 exf4 3. Nf3 Ne7 4. d4 d5 5. Qe2 Ng6 6. h4 Be7 7. exd5 O-O 8. h5 Re8 9. hxg6 Bb4+ 10. c3 Rxe2+ 11. Bxe2 Bd6 12. gxf7+ Kxf7 13. Rxh7 Bf5 14. Rh1 Qe7 15. c4 Nd7 16. Nc3 Bd3 17. c5 Bxe2 18. cxd6 cxd6 19. Nxe2 Re8 20. Nfg1 Qe4 21. Kf1 g5 22. Bd2 Nf6 23. Re1 Qd3 24. Bc1 Nxd5 25. Rh3 Qc2 26. Rb3 b6 27. g3 Ne3+ 28. Kf2 Qf5 29. gxf4 gxf4 30. Nf3 Ng4+ 31. Kf1 Qh5 32. Bxf4 Rg8 33. Nfg1 Rg6 34. Rf3 Kg8 35. Rc1 Qh1 36. Bg3 Nh2+ 37. Bxh2 Qg2+ 38. Ke1 Qxh2 39. Kd2 d5 40. Kc2 Qh7 41. Kb3 Qd7 42. a3 Rg2 43. Ka2 Qb5 44. Rb3 Qd7 45. Nf4 Rg4 46. Nge2 Qf5 47. Rf3 Qe4 48. Rcf1 Rg7 49. Nc3 Qxd4 50. Nfxd5 Qc4+ 51. Ka1 Rg5 52. Rf8+ Kg7 53. R8f7+ Kh6 54. R1f6+ Rg6 55. Rf1 a5 56. Rh1+ Kg5 57. Rf5+ 1-0

[Event "Chigorin mem"]
[Site "St Petersburg"]
[Date "1999.11.05"]
[Round "4"]
[White "Chehlov, Aleksander"]
[Black "Romanov, Oleg"]
[Result "1/2-1/2"]
[WhiteElo "2267"]
[BlackElo "2381"]
[PlyCount "74"]
[EventDate "1999.11.02"]
[Source "ChessBase"]
[SourceDate "2000.02.01"]

1. e4 e5 2. f4 exf4 3. Nf3 Ne7 4. d4 Ng6 5. Bc4 Be7 6. O-O d6 7. Nc3 Be6 8. Bd3 c5 9. Bb5+ Nd7 10. Ne2 a6 11. Bxd7+ Bxd7 12. Bxf4 Bc6 13. Qd3 d5 14. exd5 Bxd5 15. c4 Be6 16. d5 O-O 17. Rad1 Bd7 18. Bg3 b5 19. b3 bxc4 20. bxc4 Ba4 21. Rd2 Bd6 22. Bxd6 Qxd6 23. Ng5 Rae8 24. Ng3 Bd7 25. Rdf2 f6 26. N5e4 Qc7 27. Qa3 Rc8 28. Nf5 Bxf5 29. Rxf5 Qe7 30. Ng3 Ne5 31. R5f4 g6 32. Qc3 f5 33. Re1 Rce8 34. Rff1 Qd6 35. h3 Nd7 36. Ne2 Re4 37. Ng3 Ree8 1/2-1/2

[Event "Polanica Zdroj op"]
[Site "Polanica Zdroj"]
[Date "1999.08.22"]
[Round "6"]
[White "Grabarczyk, Bogdan"]
[Black "Szczechowicz, Bartosz"]
[Result "1-0"]
[WhiteElo "2375"]
[BlackElo "2249"]
[PlyCount "61"]
[EventDate "1999.08.17"]
[Source "www.chesslib.no"]
[SourceDate "2004.05.04"]

1. e4 e5 2. f4 exf4 3. Nf3 Ne7 4. d4 d5 5. Nc3 dxe4 6. Nxe4 Nd5 7. Bc4 Be7 8. O-O O-O 9. Ne5 Be6 10. Bb3 Nd7 11. Nd3 N7f6 12. Nxf6+ Bxf6 13. c3 g5 14. h4 h6 15. Nc5 Qc8 16. hxg5 hxg5 17. Ne4 Kg7 18. c4 Bg4 19. Qd3 Ne7 20. Nxf6 Kxf6 21. Bxf4 gxf4 22. Rxf4+ Bf5 23. d5 Kg7 24. Qc3+ f6 25. Raf1 Rh8 26. Qg3+ Kf7 27. c5 Rh6 28. d6+ Be6 29. Re4 f5 30. Rxe6 Rxe6 31. dxe7 1-0

[Event "Open"]
[Site "Kharkov"]
[Date "2004.07.11"]
[Round "4"]
[White "Kucherenko, Daniil"]
[Black "Zubarev, Alexander"]
[Result "0-1"]
[WhiteElo "2310"]
[BlackElo "2309"]
[PlyCount "126"]
[EventDate "2004.07.07"]
[Source "Roberto Alvarez"]
[SourceDate "2004.07.12"]

1. e4 e5 2. f4 exf4 3. Nf3 Ne7 4. Bc4 d5 5. exd5 Nxd5 6. Bxd5 Qxd5 7. Nc3 Qd8 8. d4 Be7 9. Bxf4 O-O 10. O-O Bg4 11. Qd2 c6 12. Ne5 Be6 13. Rad1 Nd7 14. d5 cxd5 15. Nxd5 Bc5+ 16. Kh1 Nb6 17. Nxb6 Qxb6 18. b3 Rad8 19. Qc3 Be7 20. Qf3 Rxd1 21. Rxd1 Rd8 22. h3 Rxd1+ 23. Qxd1 Qf2 24. Nd3 Qd4 25. Qe1 a6 26. Be5 Qd7 27. Kh2 f6 28. Bg3 Bf5 29. Qe3 Kf7 30. Qf3 Kf8 31. Qe3 Qd5 32. Qe2 Qe4 33. Qf2 Kf7 34. Qd2 g5 35. Kg1 h5 36. Bb8 Qd4+ 37. Qf2 Qe4 38. Ba7 Qd5 39. Bd4 Kg6 40. h4 Bxd3 41. cxd3 g4 42. Qf4 Qf5 43. Qe3 Kf7 44. g3 Bd6 45. Bb6 Qe6 46. Qxe6+ Kxe6 47. Kf2 f5 48. Be3 Kd5 49. Kg2 Kc6 50. Kf2 Kb5 51. Bd2 Kc5 52. Bc3 f4 53. gxf4 Bxf4 54. Kg2 Kd5 55. Kf2 Be5 56. Be1 Kd4 57. Ke2 Bf4 58. Ba5 Bg3 59. Bd8 Kc3 60. Bf6+ Kc2 61. d4 Kb1 62. Kd3 Kxa2 63. Kc4 Bf2 0-1

[Event "Czech Open, Pardubice CZE"]
[Site "Pardubice"]
[Date "1998.??.??"]
[Round "6"]
[White "Vilar Lopez, Monica"]
[Black "Estrada, C."]
[Result "1/2-1/2"]
[WhiteElo "2315"]
[BlackElo "2300"]
[PlyCount "97"]
[EventDate "1998.??.??"]
[Source "www.chesslib.no"]
[SourceDate "2004.05.04"]

1. e4 e5 2. f4 exf4 3. Nf3 Ne7 4. Bc4 d5 5. exd5 Nxd5 6. O-O Be7 7. Bb3 Be6 8. d4 b5 9. Bxd5 Bxd5 10. Bxf4 O-O 11. Nc3 Bc4 12. Rf2 b4 13. Ne4 Nc6 14. c3 Bd5 15. Qd3 bxc3 16. bxc3 Re8 17. Re1 Qc8 18. Rfe2 Qd7 19. c4 Nb4 20. Qb3 Be6 21. d5 Bf5 22. d6 Rab8 23. dxe7 Nd3 24. Nc5 Rxb3 25. Nxd7 Nxf4 26. axb3 Nxe2+ 27. Rxe2 Bxd7 28. Ra2 Rxe7 29. Rxa7 Be8 30. Kf2 Kf8 31. Nd4 c5 32. Rxe7 Kxe7 33. Nf3 f6 34. Ke3 Bg6 35. Kd2 Be4 36. Kc3 g5 37. b4 cxb4+ 38. Kxb4 h5 39. Kc5 h4 40. Kd4 Ba8 41. Ne1 Ke6 42. g3 Kf5 43. gxh4 gxh4 44. Ke3 Kg4 45. Kf2 Be4 46. c5 f5 47. Ke3 Ba8 48. Kf2 Be4 49. Ke3 1/2-1/2

[Event "URU-ch sf-D"]
[Site "?"]
[Date "2003.04.26"]
[Round "2"]
[White "Ulaneo Ruben"]
[Black "Saralegui Cassan Mario"]
[Result "1/2-1/2"]
[WhiteElo "2274"]
[BlackElo "2339"]
[PlyCount "43"]
[EventDate "2003.??.??"]
[Source "www.chesslib.no"]
[SourceDate "2004.05.04"]

1. e4 e5 2. f4 exf4 3. Nf3 Ne7 4. Bc4 d5 5. exd5 Nxd5 6. Nc3 Nxc3 7. bxc3 Bd6 8. O-O O-O 9. d4 Bg4 10. Rb1 Nd7 11. Qe1 Nb6 12. Bd3 Re8 13. Qf2 Nd5 14. Ne5 Rxe5 15. dxe5 Bxe5 16. c4 Nc3 17. Bxf4 Bd4 18. Be3 Bxe3 19. Qxe3 Nxb1 20. Rxb1 Be6 21. Rxb7 Rb8 22. Qxa7 1/2-1/2

[Event "Olomouc Ave Kontakt Cup"]
[Site "Olomouc"]
[Date "2002.??.??"]
[Round "1"]
[White "Maslak, Konstantin"]
[Black "Hernandez, Yadira"]
[Result "1-0"]
[WhiteElo "2361"]
[BlackElo "2234"]
[PlyCount "77"]
[EventDate "2002.08.??"]
[Source "ChessBase"]
[SourceDate "2002.09.11"]

1. e4 e5 2. f4 exf4 3. Nf3 Ne7 4. Bc4 Ng6 5. O-O Be7 6. d4 O-O 7. Nc3 d6 8. Ne2 Be6 9. Qd3 Bxc4 10. Qxc4 d5 11. Qxd5 Qxd5 12. exd5 Nd7 13. c4 b5 14. cxb5 Nb6 15. Nxf4 Nxf4 16. Bxf4 Nxd5 17. Bg3 Rfb8 18. a4 a6 19. Ne5 axb5 20. Nc6 Rb6 21. Nxe7+ Nxe7 22. Bxc7 Rb7 23. axb5 Rc8 24. Bd6 h5 25. Bc5 Nd5 26. Ra7 Rxa7 27. Bxa7 Rc2 28. Rb1 Rc7 29. b6 Rb7 30. Kf2 Kf8 31. b4 Nxb6 32. Bxb6 Rxb6 33. Ke3 Ke7 34. Ke4 Rb5 35. Kd3 Kd6 36. Kc4 Rb6 37. b5 f5 38. Rf1 g6 39. Ra1 1-0

[Event "Scandinavia Cup"]
[Site "?"]
[Date "1996.??.??"]
[Round "?"]
[White "Salmensuu Olli"]
[Black "Pedersen Nicolai Vesterbaek"]
[Result "1-0"]
[WhiteElo "2280"]
[BlackElo "2290"]
[PlyCount "153"]
[EventDate "1996.??.??"]
[Source "www.chesslib.no"]
[SourceDate "2004.05.04"]

1. e4 e5 2. f4 exf4 3. Nf3 Ne7 4. d4 d5 5. Nc3 dxe4 6. Nxe4 Nd5 7. Bc4 Be7 8. O-O O-O 9. c3 Nc6 10. Bb3 Bf5 11. Re1 Re8 12. Nf2 Ne3 13. Bxe3 fxe3 14. Rxe3 Bd6 15. Rxe8+ Qxe8 16. Ng5 Bg6 17. Qf3 Qd7 18. h4 h6 19. h5 Bxh5 20. Qxh5 hxg5 21. Ne4 Bf4 22. Rf1 Qf5 23. Qf3 Re8 24. Bc2 Qg6 25. Nxg5 Qxg5 26. Qxf4 Qxf4 27. Rxf4 Re2 28. Rf2 Re1+ 29. Rf1 Re2 30. Rf2 Re1+ 31. Kh2 g6 32. Bb3 Nd8 33. Bc4 Kg7 34. Kg3 f5 35. Rd2 Nf7 36. Kf2 Re7 37. Bd5 c6 38. Bf3 Ng5 39. d5 Nxf3 40. Kxf3 cxd5 41. Rxd5 Kf6 42. c4 g5 43. a4 g4+ 44. Kf2 f4 45. a5 Re5 46. Rd4 Kf5 47. b4 Re3 48. c5 g3+ 49. Kf1 Rb3 50. a6 bxa6 51. Rc4 Re3 52. c6 Re8 53. c7 Rc8 54. Ke2 Kf6 55. Kf3 Ke5 56. Rc2 Kd4 57. Kxf4 Kd3 58. Rc6 Kd4 59. Kxg3 Kd5 60. Rc2 Kd6 61. Kf2 Kd7 62. Kg1 Rxc7 63. Rxc7+ Kxc7 64. g4 Kd6 65. Kf2 Ke6 66. Ke3 Ke5 67. Kf3 Kf6 68. Kf4 Kg6 69. g5 Kg7 70. Kf5 Kf7 71. g6+ Kg7 72. Kg5 Kg8 73. Kf6 Kf8 74. g7+ Kg8 75. Kg6 a5 76. bxa5 a6 77. Kf6 1-0